<?xml version="1.0" encoding="UTF-8"?>
<record
    xmlns:xsi="http://www.w3.org/2001/XMLSchema-instance"
    xsi:schemaLocation="http://www.loc.gov/MARC21/slim http://www.loc.gov/standards/marcxml/schema/MARC21slim.xsd"
    xmlns="http://www.loc.gov/MARC21/slim">

  <leader>02498nam0a2200361   4500</leader>
  <controlfield tag="001">RU\NLR\BIBL_A\012728048</controlfield>
  <controlfield tag="005">20220425100942.0</controlfield>
  <datafield tag="010" ind1=" " ind2=" ">
    <subfield code="a">978-5-17-144631-4</subfield>
    <subfield code="9">3000</subfield>
  </datafield>
  <datafield tag="021" ind1=" " ind2=" ">
    <subfield code="a">RU</subfield>
    <subfield code="b">&#x41A;&#x41D;-&#x41F;-21-083005</subfield>
    <subfield code="9">&#x41A;&#x41D;-&#x41F;-21-6614</subfield>
  </datafield>
  <datafield tag="035" ind1=" " ind2=" ">
    <subfield code="a">(NLR Aleph) 012728048</subfield>
  </datafield>
  <datafield tag="035" ind1=" " ind2=" ">
    <subfield code="a">(RuMoRGB)010895351</subfield>
  </datafield>
  <datafield tag="090" ind1=" " ind2=" ">
    <subfield code="a">12963023</subfield>
    <subfield code="c">12963023</subfield>
  </datafield>
  <datafield tag="100" ind1=" " ind2=" ">
    <subfield code="a">20220314d2021    c  y0rusy50      ca</subfield>
  </datafield>
  <datafield tag="101" ind1="0" ind2=" ">
    <subfield code="a">rus</subfield>
  </datafield>
  <datafield tag="102" ind1=" " ind2=" ">
    <subfield code="a">RU</subfield>
  </datafield>
  <datafield tag="105" ind1=" " ind2=" ">
    <subfield code="a">a   z   000ay</subfield>
  </datafield>
  <datafield tag="181" ind1=" " ind2="0">
    <subfield code="a">i3</subfield>
    <subfield code="b">axxe  </subfield>
  </datafield>
  <datafield tag="182" ind1=" " ind2="0">
    <subfield code="a">n</subfield>
  </datafield>
  <datafield tag="200" ind1="1" ind2=" ">
    <subfield code="a">&#x41B;&#x435;&#x433;&#x435;&#x43D;&#x434;&#x44B; &#x438; &#x43C;&#x438;&#x444;&#x44B; &#x41B;&#x430;&#x432;&#x440;&#x43E;&#x432;&#x43E;&#x433;&#x43E; &#x43F;&#x435;&#x440;&#x435;&#x443;&#x43B;&#x43A;&#x430; &#x438; &#x434;&#x440;&#x443;&#x433;&#x438;&#x435; &#x438;&#x441;&#x442;&#x43E;&#x440;&#x438;&#x438;</subfield>
    <subfield code="e">[&#x444;&#x430;&#x43D;&#x442;&#x430;&#x441;&#x442;&#x438;&#x447;&#x435;&#x441;&#x43A;&#x438;&#x435; &#x438;&#x441;&#x442;&#x43E;&#x440;&#x438;&#x438;]</subfield>
    <subfield code="e">&#x434;&#x43B;&#x44F; &#x43C;&#x43B;&#x430;&#x434;&#x448;&#x435;&#x433;&#x43E; &#x448;&#x43A;&#x43E;&#x43B;&#x44C;&#x43D;&#x43E;&#x433;&#x43E; &#x432;&#x43E;&#x437;&#x440;&#x430;&#x441;&#x442;&#x430;</subfield>
    <subfield code="f">&#x413;&#x440;&#x438;&#x433;&#x43E;&#x440;&#x438;&#x439; &#x41E;&#x441;&#x442;&#x435;&#x440;</subfield>
  </datafield>
  <datafield tag="203" ind1=" " ind2=" ">
    <subfield code="a">&#x422;&#x435;&#x43A;&#x441;&#x442;</subfield>
    <subfield code="b">&#x432;&#x438;&#x437;&#x443;&#x430;&#x43B;&#x44C;&#x43D;&#x44B;&#x439;</subfield>
    <subfield code="c">&#x43D;&#x435;&#x43F;&#x43E;&#x441;&#x440;&#x435;&#x434;&#x441;&#x442;&#x432;&#x435;&#x43D;&#x43D;&#x44B;&#x439;</subfield>
  </datafield>
  <datafield tag="210" ind1=" " ind2=" ">
    <subfield code="a">&#x41C;&#x43E;&#x441;&#x43A;&#x432;&#x430;</subfield>
    <subfield code="c">&#x410;&#x421;&#x422;</subfield>
    <subfield code="d">2021</subfield>
  </datafield>
  <datafield tag="215" ind1=" " ind2=" ">
    <subfield code="a">414, [1] &#x441;.</subfield>
    <subfield code="c">&#x438;&#x43B;.</subfield>
    <subfield code="d">21</subfield>
  </datafield>
  <datafield tag="225" ind1="1" ind2=" ">
    <subfield code="a">&#x411;&#x43E;&#x43B;&#x44C;&#x448;&#x430;&#x44F; &#x434;&#x435;&#x442;&#x441;&#x43A;&#x430;&#x44F; &#x431;&#x438;&#x431;&#x43B;&#x438;&#x43E;&#x442;&#x435;&#x43A;&#x430;</subfield>
  </datafield>
  <datafield tag="327" ind1="1" ind2=" ">
    <subfield code="a">&#x421;&#x43E;&#x434;&#x435;&#x440;&#x436;.: &#x41B;&#x435;&#x433;&#x435;&#x43D;&#x434;&#x44B; &#x438; &#x43C;&#x438;&#x444;&#x44B; &#x41B;&#x430;&#x432;&#x440;&#x43E;&#x432;&#x43E;&#x433;&#x43E; &#x43F;&#x435;&#x440;&#x435;&#x443;&#x43B;&#x43A;&#x430;; &#x41C;&#x438;&#x444;&#x44B; &#x438; &#x43B;&#x435;&#x433;&#x435;&#x43D;&#x434;&#x44B; &#x412;&#x435;&#x43B;&#x442;&#x43E;&#x43D;-&#x43F;&#x430;&#x440;&#x43A;&#x430;; &#x414;&#x435;&#x442;&#x438; &#x438; &#x44D;&#x442;&#x438;</subfield>
  </datafield>
  <datafield tag="330" ind1=" " ind2=" ">
    <subfield code="a">&#x412; &#x43A;&#x43D;&#x438;&#x433;&#x443; &#x432;&#x43E;&#x448;&#x43B;&#x438; &lt;&#x433;&#x43E;&#x440;&#x43E;&#x434;&#x441;&#x43A;&#x438;&#x435; &#x441;&#x43A;&#x430;&#x437;&#x43A;&#x438;&gt; &#x413;&#x440;&#x438;&#x433;&#x43E;&#x440;&#x438;&#x44F; &#x41E;&#x441;&#x442;&#x435;&#x440;&#x430; - &lt;&#x41B;&#x435;&#x433;&#x435;&#x43D;&#x434;&#x44B; &#x438; &#x43C;&#x438;&#x444;&#x44B; &#x41B;&#x430;&#x432;&#x440;&#x43E;&#x432;&#x43E;&#x433;&#x43E; &#x43F;&#x435;&#x440;&#x435;&#x443;&#x43B;&#x43A;&#x430;&gt; &#x438; &lt;&#x41C;&#x438;&#x444;&#x44B; &#x438; &#x43B;&#x435;&#x433;&#x435;&#x43D;&#x434;&#x44B; &#x412;&#x435;&#x43B;&#x442;&#x43E;&#x43D;-&#x43F;&#x430;&#x440;&#x43A;&#x430;&gt;. &#x42D;&#x442;&#x43E; &#x438;&#x441;&#x442;&#x43E;&#x440;&#x438;&#x438; &#x43F;&#x440;&#x43E; &#x433;&#x43E;&#x440;&#x43E;&#x434;&#x441;&#x43A;&#x438;&#x445; &#x434;&#x435;&#x442;&#x435;&#x439; &#x438; &#x438;&#x445; &#x440;&#x43E;&#x434;&#x438;&#x442;&#x435;&#x43B;&#x435;&#x439;, &#x430; &#x43C;&#x43E;&#x436;&#x435;&#x442; &#x431;&#x44B;&#x442;&#x44C; &#x434;&#x430;&#x436;&#x435; - &#x43F;&#x440;&#x43E; &#x438;&#x445; &#x431;&#x430;&#x431;&#x443;&#x448;&#x435;&#x43A; &#x438; &#x434;&#x435;&#x434;&#x443;&#x448;&#x435;&#x43A;. &#x418;&#x441;&#x442;&#x43E;&#x440;&#x438;&#x438;, &#x440;&#x430;&#x437;&#x443;&#x43C;&#x435;&#x435;&#x442;&#x441;&#x44F;, &#x43F;&#x440;&#x430;&#x432;&#x434;&#x438;&#x432;&#x44B;&#x435;, &#x43A;&#x43E;&#x442;&#x43E;&#x440;&#x44B;&#x435; &#x43A;&#x430;&#x436;&#x434;&#x44B;&#x439; &#x434;&#x435;&#x43D;&#x44C; &#x43C;&#x43E;&#x436;&#x43D;&#x43E; &#x43D;&#x430;&#x431;&#x43B;&#x44E;&#x434;&#x430;&#x442;&#x44C; &#x432; &#x43A;&#x430;&#x436;&#x434;&#x43E;&#x43C; &#x434;&#x432;&#x43E;&#x440;&#x435;. &#x410; &#x432;&#x43E;&#x442; &#x437;&#x430;&#x43C;&#x435;&#x447;&#x430;&#x442;&#x435;&#x43B;&#x44C;&#x43D;&#x43E; &#x43F;&#x43E;&#x443;&#x447;&#x438;&#x442;&#x435;&#x43B;&#x44C;&#x43D;&#x44B;&#x435; &#x440;&#x430;&#x441;&#x441;&#x43A;&#x430;&#x437;&#x44B; &#x438;&#x437; &#x43F;&#x435;&#x440;&#x432;&#x43E;&#x439; &#x438; &#x432;&#x442;&#x43E;&#x440;&#x43E;&#x439; &#x43A;&#x43D;&#x438;&#x433; &#x446;&#x438;&#x43A;&#x43B;&#x430; &lt;&#x414;&#x435;&#x442;&#x438; &#x438; &#x42D;&#x442;&#x438;&gt; &#x43D;&#x430;&#x43F;&#x438;&#x441;&#x430;&#x43D;&#x44B; &#x434;&#x43B;&#x44F; &#x441;&#x435;&#x43C;&#x435;&#x439;&#x43D;&#x43E;&#x433;&#x43E; &#x447;&#x442;&#x435;&#x43D;&#x438;&#x44F; - &#x434;&#x43B;&#x44F; &#x442;&#x435;&#x445; &#x432;&#x437;&#x440;&#x43E;&#x441;&#x43B;&#x44B;&#x445; &#x438; &#x434;&#x435;&#x442;&#x435;&#x439;, &#x43A;&#x43E;&#x442;&#x43E;&#x440;&#x44B;&#x435; &#x43D;&#x438;&#x43A;&#x430;&#x43A; &#x43D;&#x435; &#x43C;&#x43E;&#x433;&#x443;&#x442; &#x43F;&#x43E;&#x43D;&#x44F;&#x442;&#x44C;, &#x43F;&#x43E;&#x447;&#x435;&#x43C;&#x443; &#x436;&#x435; &#x443; &#x43D;&#x438;&#x445; &#x43D;&#x435; &#x43F;&#x43E;&#x43B;&#x443;&#x447;&#x430;&#x435;&#x442;&#x441;&#x44F; &#x436;&#x438;&#x442;&#x44C; &#x43C;&#x438;&#x440;&#x43D;&#x43E;, &#x432;&#x435;&#x434;&#x44C; &#x43E;&#x43D;&#x438; &#x445;&#x43E;&#x442;&#x44F;&#x442; &#x434;&#x440;&#x443;&#x433; &#x434;&#x440;&#x443;&#x433;&#x443; &#x442;&#x43E;&#x43B;&#x44C;&#x43A;&#x43E; &#x434;&#x43E;&#x431;&#x440;&#x430;. &#x414;&#x43B;&#x44F; &#x43C;&#x43B;&#x430;&#x434;&#x448;&#x435;&#x433;&#x43E; &#x448;&#x43A;&#x43E;&#x43B;&#x44C;&#x43D;&#x43E;&#x433;&#x43E; &#x432;&#x43E;&#x437;&#x440;&#x430;&#x441;&#x442;&#x430;</subfield>
  </datafield>
  <datafield tag="333" ind1=" " ind2=" ">
    <subfield code="a">6+</subfield>
  </datafield>
  <datafield tag="686" ind1="0" ind2=" ">
    <subfield code="a">&#x428;9(2)60=&#x420;7-4</subfield>
  </datafield>
  <datafield tag="700" ind1=" " ind2="1">
    <subfield code="a">&#x41E;&#x441;&#x442;&#x435;&#x440;</subfield>
    <subfield code="b">&#x413;. &#x411;.</subfield>
    <subfield code="f">1947 -</subfield>
    <subfield code="g">&#x413;&#x440;&#x438;&#x433;&#x43E;&#x440;&#x438;&#x439; &#x411;&#x435;&#x43D;&#x446;&#x438;&#x43E;&#x43D;&#x43E;&#x432;&#x438;&#x447;</subfield>
    <subfield code="3">RU\NLR\AUTH\77563</subfield>
  </datafield>
  <datafield tag="942" ind1=" " ind2=" ">
    <subfield code="c">BOOK</subfield>
  </datafield>
  <datafield tag="980" ind1=" " ind2=" ">
    <subfield code="a">NB</subfield>
  </datafield>
  <datafield tag="995" ind1=" " ind2=" ">
    <subfield code="5">2022-03-14</subfield>
    <subfield code="a">ad</subfield>
    <subfield code="b">NLR01</subfield>
    <subfield code="c">NLR01</subfield>
    <subfield code="e">RF81</subfield>
    <subfield code="f">1-3730683</subfield>
    <subfield code="k">2022-3/6234</subfield>
    <subfield code="o">0</subfield>
    <subfield code="r">BOOK</subfield>
    <subfield code="s">202236234_</subfield>
  </datafield>
  <datafield tag="995" ind1=" " ind2=" ">
    <subfield code="5">2022-03-14</subfield>
    <subfield code="a">ad</subfield>
    <subfield code="b">NLR01</subfield>
    <subfield code="c">NLR01</subfield>
    <subfield code="e">OBM</subfield>
    <subfield code="f">1-3730684</subfield>
    <subfield code="o">0</subfield>
    <subfield code="r">BOOK</subfield>
  </datafield>
</record>
